| 000 | 01081nam a22002657a 4500 | ||
|---|---|---|---|
| 005 | 2011103102012.0 | ||
| 008 | 111031t xxu||||| |||| 00| 0 eng d | ||
| 010 | _aENG-103997 | ||
| 020 |
_a9788120344174 _c425.00 |
||
| 035 | _aEN-87530 | ||
| 037 | _bDBAD/PUB | ||
| 040 |
_aDPL _bEng |
||
| 082 | 0 | 0 |
_a621.31244 _222 |
| 100 | 1 |
_aMukerjee, A.K. _935607 |
|
| 245 | 1 | 0 |
_aPhotovoltaic systems : _banalysis and design / _cby A.K. Mukerjee [and] Nivedita Thakur |
| 260 |
_aNew Delhi _bPHI Learning _c2011 |
||
| 270 |
_aM-97, Connaught Circus _bNew Delhi _e110001 |
||
| 300 |
_axiii,357p. : _bill. _c24cm (pbk) |
||
| 500 | _aIncludes bibliographical references and index. | ||
| 650 | 0 | _935608 | |
| 700 |
_aThakur, Nivedita _935613 |
||
| 942 |
_2ddc _cBN _h621.31244 _mMUK |
||
| 999 |
_c57918 _d57918 |
||